000 00482nam a22001577a 4500
999 _c18424
_d18424
003 OSt
005 20231115091633.0
008 231115b ||||| |||| 00| 0 eng d
040 _c0
082 _aDPer 370.763 So131 January-December 2022 v.113 n. 1-6
245 _aThe social studies /
260 _aPhiladelphia;
_bTaylor & Francis Group,
_cJanuary - December 2022.
300 _avarious pages;
_billustrations,
_c29 cm.
650 _aSocial sciences.
_949981
942 _2ddc
_cPER